00s Pop Hits - 100 Songs - Statistics

General Stats
  • This quiz has been taken 74 times
  • The average score is 28 of 100
Answer Stats
Hint Answer % Correct
Hot N Cold Katy Perry
84%
SOS Rihanna
84%
Hips Don't Lie (ft. Wyclef Jean) Shakira
81%
Irreplaceable Beyoncé
80%
Just Dance (ft. Colby O'Donis) Lady Gaga
75%
Yeah! (ft. Lil Jon & Ludacris) Usher
75%
Ms. Jackson Outkast
70%
Rehab Amy Winehouse
69%
Rock Your Body Justin Timberlake
69%
Just Lose It Eminem
67%
Let's Get It Started Black Eyed Peas
66%
Gimme More Britney Spears
63%
Can't Get You Out Of My Head Kylie Minogue
63%
Glamorous (ft. Ludacris) Fergie
58%
Smack That (ft. Eminem) Akon
56%
Jenny From The Block (ft. Jadakiss & Styles P) Jennifer Lopez
55%
Girlfriend Avril Lavigne
53%
Low (ft. T-Pain) Flo Rida
53%
Get The Party Started Pink
53%
Milkshake Kelis
52%
Ride Wit Me (ft. FX Short) Nelly
50%
Numb / Encore (ft. Linkin Park) Jay Z
48%
Temperature Sean Paul
44%
Suddenly I See KT Tunstall
39%
Keeps Gettin' Better Christina Aguilera
38%
Kids MGMT
38%
Kiss Me Thru The Phone (ft. Sammie) Soulja Boy
38%
Me & U Cassie
36%
If We Ever Meet Again (ft. Katy Perry) Timbaland
36%
Teenage Dirtbag Wheatus
36%
Dancing On My Own Robyn
34%
Leave (Get Out) JoJo
28%
Broken Strings (ft. James Morrison) Nelly Furtado
28%
That's Not My Name The Ting Tings
28%
Evacuate The Dabcefloor Cascada
27%
Love Sex Magic (ft. Justin Timberlake) Ciara
27%
The Tide Is High Atomic Kitten
25%
All Rise Blue
25%
Replay Iyaz
25%
I Predict A Riot Kaiser Chiefs
25%
Mr. Know It All Kelly Clarkson
25%
It's Like That (ft. Jermaine Dupri & Fatman Scoop) Mariah Carey
25%
I Don't Need A Man The Pussycat Dolls
25%
Ridin' (ft. Krayzie Bone) Chamillionaire
23%
About You Now Sugababes
23%
1 Thing Amerie
22%
Fire Burning Sean Kingston
22%
Heartbreaker Will.I.Am
22%
These Words Natasha Bedingfield
20%
Written In The Stars (ft. Eric Turner) Tinie Tempah
20%
Pieces Of Me Ashlee Simpson
19%
Burnin' Up Jonas Brothers
19%
5 Colours In Her Hair McFly
19%
Filthy/Gorgeous Scissor Sisters
19%
Rule The World Take That
19%
Breathless The Corrs
19%
Billionaire (ft. Bruno Mars) Travie McCoy
19%
Million Dollar Bill Whitney Houston
19%
Release Me Agnes
17%
She's Like A Star Taio Cruz
17%
One Step At A Time Jordin Sparks
16%
In For The Kill La Roux
16%
Just Fine Mary J. Blige
16%
See You Again Miley Cyrus
16%
Untouched The Veronicas
16%
The Boy Does Nothing Alesha Dixon
14%
I'll Stand By You Girls Aloud
14%
Superstar Jamelia
14%
Spotlight Jennifer Hudson
14%
Just A Little Liberty X
13%
Scandalous Mis-Teeq
13%
Just Say Yes Snow Patrol
13%
Love Generation Bob Sinclair
11%
Keep On Movin' (ft. Steve Mac) Five
11%
I Wish I Was A Punk Rocker (With Flowers In My Hair) Sani Thom
9%
Love Song Sarah Bareilles
9%
T-Shirt Shontelle
9%
Never Leave You (ft. Amelle) Tinchy Stryder
9%
She's Got Me Dancing Tommy Sparks
9%
Ready For The Weekend Calvin Harris
8%
Don't Wanna Go Home Jason Derulo
8%
5 Years Time Noah And The Whale
8%
Some Kinda Rush Booty Luv
6%
What Would You Do? City High
6%
Holiday Dizzee Rascal
6%
Won't Go Quietly Example
6%
From Paris To Berlin Infernal
6%
Don't Upset The Rhythm (Go Baby Go) Noisettes
6%
Hush Hush Alexis Jordan
5%
Pumpkin Soup Kate Nash
5%
Turn It Up Pixie Lott
5%
Monster The Automatic
5%
Boys Will Be Boys The Ordinary Boys
5%
Jealousy Will Young
5%
Oopsy Daisy (ft. Dyo) Chip
3%
Outta Here Esmée Denters
3%
Work Kelly Rowland
3%
If I Can't Dance Sophie Ellis-Bextor
3%
Now Or Never (ft. Wiley) Jodie Connor
2%
Hey Kid Matt Willis
0%
No matching quizzes found
Score Distribution
Percent of People with Each Score
Percentile by Number Answered
Your Score History
You have not taken this quiz